| 000 | 00411nam a2200157Ia 4500 | ||
|---|---|---|---|
| 008 | 160316s1970 xxu||||| |||| 00| 0 eng d | ||
| 082 |
_a342.540200 _bSUB-I |
||
| 100 | _aSubbarao Venkata G C | ||
| 245 | _aIndian constitutional law. Vol.I | ||
| 250 | _a | ||
| 260 |
_aMadras _bThe Madras Law Journal _c1970 |
||
| 300 |
_a693p _b _c |
||
| 365 | _bRs.30/- | ||
| 650 | _a1.Constitutional Law - India | ||
| 700 |
_a _a |
||
| 999 |
_c6410 _d6410 |
||